|
|
|
|
| LEADER |
00000nam0a2200000 4500 |
| 001 |
303220 |
| 005 |
20231101005941.0 |
| 035 |
|
|
|a (RuTPU)RU\TPU\book\328441
|
| 090 |
|
|
|a 303220
|
| 100 |
|
|
|a 20150901d1981 d y0rusy50 ca
|
| 101 |
0 |
|
|a rus
|
| 102 |
|
|
|a RU
|
| 105 |
|
|
|a a z 001cy
|
| 200 |
1 |
|
|a Звездная азбука
|e пособие для учащихся
|f Ф. Ю. Зигель
|g под ред. Л. Л. Величко ; под ред. Л. С. Мордовцевой
|
| 210 |
|
|
|a Москва
|c Просвещение
|d 1981
|
| 215 |
|
|
|a 191 с.
|c ил.
|
| 333 |
|
|
|a Исключено из фонда НТБ ТПУ
|
| 700 |
|
1 |
|a Зигель
|b Ф. Ю.
|g Феликс Юрьевич
|
| 702 |
|
1 |
|a Величко
|b Л. Л.
|4 340
|
| 702 |
|
1 |
|a Мордовцева
|b Л. С.
|4 340
|
| 801 |
|
1 |
|a RU
|b 63413507
|c 20150901
|
| 801 |
|
2 |
|a RU
|b 63413507
|c 20220602
|g RCR
|
| 942 |
|
|
|c BK
|